Samfunnskunnskap - Demokrati - Statistics

General Stats
  • This quiz has been taken 6 times
  • The average score is 6 of 18
Answer Stats
Hint Svar % Correct
Også kalt folkestyre, en styreform der folket, forstått som landets voksne innbyggere, velger representanter som utformer lovene og tar viktige politiske beslutninger. Innbyggerne kan også selv delta i utformingen av de politiske vedtakene. Demokrati
83%
En styreform som karakteriseres ved ekstrem grad av maktkonsentrasjon hos den eller de styrende og svært liten grad av frihet for borgere. Diktatur
83%
Betyr idésystem, grunnsyn eller samfunnssyn. Ideologi
50%
Den dømmende makt, en institusjon som har myndighet til å treffe avgjørelser i rettssaker, den tredje statsmakt. Domstolene
33%
Regional samarbeidsorganisasjon i Europa bestående av 27 medlemsland med hovedsete i Brussel. EU
33%
Organisasjon for forsvarssamarbeid mellom land i Europa og Nord-Amerika. En for alle, alle for en. Artikkel 5, som sier at et væpnet angrep mot ett eller flere av medlemslandene er et angrep mot alle, og at den enkelte medlemsstat selv tar stilling til med hvilke midler (herunder militære) angrepet skal besvares. NATO
33%
"Den fjerde statsmakt", har rolle som opinionsformidler og -skaper. Den har ingen styringsfunksjon. Pressen/Media
33%
Den utøvende makt, den øverste myndigheten i landet. Regjeringen
33%
Den lovgivende makt, Norges nasjonalforsamling, representantene velges gjennom frie og hemmelige valg. Stortinget
33%
En stat som i stor grad bruker skattepenger og andre statlige inntekter til å hjelpe hvis en innbygger skulle komme ut for helsesvikt, sosial nød eller tap av inntekt, for eksempel ved arbeidsledighet eller alderdom, og som sikrer den enkelte rett til utdannelse. Velferdsstat
33%
Omfatter friheten til å formidle ideer i ytring eller handling og til å velge å ytre seg eller la være. Beskyttet av lovverket, med noen unntak som: forbud mot å fremsette trusler, ærekrenkelser, privatlivskrenkelser, trakassering og grovt pornografiske, diskriminerende og hatefulle utsagn. Ytringsfrihet
33%
I Norge betyr dette at en regjering der partiet eller partiene som danner regjeringen har mer enn halvparten av representantene på Stortinget. Flertallsregjering
17%
En regjering som er sammensatt av representanter fra to eller flere politiske partier. Koalisjonsregjering/samarbeidsregjering
17%
Et demokrati forutsetter at innbyggerne er aktive deltakere i det sosiale og det politiske samfunnet som de er en del av, dette kaller vi ... Medborgerskap
17%
I Norge betyr dette at en regjering der partiet eller partiene som danner regjeringen har mindre enn halvparten av representantene på Stortinget. Mindretallsregjering
17%
En stat der utøvelsen av makt og myndighet i all hovedsak er regulert og begrenset av lover og andre offentliggjorte og generelle regler. Rettsstat
17%
Å vurdere avsenderen av et stykke informasjon og hvor troverdig informasjonen er. Kildekritikk
0%
En politisk styreform der regjeringen sitter så lenge flertallet i nasjonalforsamlingen tillater. Parlimentarisme
0%
No matching quizzes found
Score Distribution
Percent of People with Each Score
Percentile by Number Answered
Your Score History
You have not taken this quiz